| 000 | 00000nam##2200000za#4500 |
| 001 | 9.604476 |
| 003 | CaOODSP |
| 005 | 20210624211628 |
| 007 | cr ||||||||||| |
| 008 | 150406|1990||||xxc|||||o f|0| 0 fre|d |
| 040 | |aCaOODSP|bfre |
| 043 | |an-cn--- |
| 086 | 1 |aTU3-7/90-3033F-PDF |
| 110 | 2 |aBureau de la sécurité des transports du Canada. |
| 245 | 10|aDisparition et naufrage présumé du B.P. «Le Bout de Ligne» entraînant la perte des trois membres de l'équipage, Golfe du Saint-Laurent, 13 décembre 1990 |h[ressource électronique] |
| 260 | |aOttawa - Ontario : |bBureau de la sécurité des transports du Canada |c[1994]. |
| 300 | |a43p.|bfigures, glossaire, photographies |
| 490 | 1 |aRapport d'enquête maritime |vM90L3033 |
| 590 | |a12-36-Supp|b2012-08-22 |
| 775 | 08|tDisappearance and presumed sinking of the F.V. "Le Bout de Ligne" with the loss of the three crew members, Gulf of St. Lawrence, 13 December 1990 |w(CaOODSP)9.574745 |
| 830 | #0|aRapport d'enquête maritime ;|vM90L3033|w(CaOODSP)9.501269 |
| 856 | 40|ahttp://publications.gc.ca|qPDF|s2433 Ko|uhttps://publications.gc.ca/collections/collection_2012/bst-tsb/TU3-7-90-3033-fra.pdf|yM90L3033 |